Introduction to dynamic systems analysis

Αποθηκεύτηκε σε:
Λεπτομέρειες βιβλιογραφικής εγγραφής
Κύριος συγγραφέας: Burton, T. D. (Thomas D.)
Μορφή: Βιβλίο
Γλώσσα:English
Δημοσίευση: New York : McGraw-Hill, c1994
Σειρά:McGraw-Hill series in mechanical engineering
Θέματα:
Ετικέτες: Προσθήκη ετικέτας
Δεν υπάρχουν, Καταχωρήστε ετικέτα πρώτοι!

MARC

LEADER 00000nam a2200000 i 4500
001 1/91459
008 991019s1994 eng d
020 |a 0-07-113844-7 
035 |l 10053601 
040 |a GR-MY-UA  |b gre  |e aacr 
041 0 |a eng 
082 0 |a 620.0011 
100 1 |a Burton, T. D.  |q (Thomas D.) 
245 1 0 |a Introduction to dynamic systems analysis /  |c T.D. Burton 
260 |a New York :   |b McGraw-Hill,   |c c1994 
300 |a xix, 700 p. 
490 1 |a McGraw-Hill series in mechanical engineering 
504 |a Includes index 
650 0 0 |a Systems engineering. 
830 0 |a McGraw-Hill series in mechanical engineering 
852 |a INST  |b CHIOS  |e 19991019  |h 620.0011 BUR  |p 005200014153  |q 005200014153  |t BK  |y 0 
901 |a BIBL2-1999-3 
909 |a Χ  |b 068390 
922 |a 2ΕΛΗ  |b 199909  |c ΤΝΕΥ  |d ΠΑΠΑΣΩΤΗΡΙΟΥ 
970 |a ΣΠΕΝΤΖΑ  |b ΕΛΕΝΗ  |z 1999/10/19